000
00219nam a22000857a 4500
008
170116b xxu||||| |||| 00| 0 eng d
100
_9
2413
_a
Arora.S
245
_a
Information Technology-X
260
_a
New Delhi
_b
Dhanpat
_c
2012
999
_c
5451
_d
5451